| 000 | 00545nam a2200193Ia 4500 | ||
|---|---|---|---|
| 003 | 0100 | ||
| 005 | 20150818020017.0 | ||
| 008 | 130303s9999 xx 000 0 und d | ||
| 040 | _cARRUPELIB | ||
| 050 | _aB2430.M25 1965 | ||
| 100 |
_aMarcel, Gabriel _97329 |
||
| 245 |
_aBeing and having: _ban existentialist diary _c/ by Gabriel Marcel |
||
| 260 |
_aNew York _bHarper and Raw Publishers _c1965 |
||
| 300 | _axvii | ||
| 300 | _b 236p. 20cm. | ||
| 500 | _aOriginally published 1949 | ||
| 650 |
_bBible _914864 |
||
| 942 | 0 | 0 |
_04 _2lcc _cMONOGRAPH |
| 999 |
_c39275 _d39275 |
||